| 000 | 00386nam a2200145Ia 4500 | ||
|---|---|---|---|
| 005 | 20250307041640.0 | ||
| 008 | 240331s9999 xx 000 0 und d | ||
| 082 |
_bVEN _22046 _a894.811 |
||
| 100 | _aVenkadasubramanian, K | ||
| 245 | 0 | _aPuthiya Chinthanaikal | |
| 260 |
_aMadurai, _bAnnam P Ltd _c1990 |
||
| 300 | _a161 p., | ||
| 500 | _aA collection of essays by the author. | ||
| 942 | _cL | ||
| 999 |
_c4232 _d4232 |
||